000 02075 a2200253 4500
001 40732
005 20260407155702.0
008 260407a2010 arg spa d
003 AR-UNSa-BCEJYS
040 _aAR-UNSa-BCEJYS
_bspa
_cAR-UNSa-BCEJYS
080 _a336.71
_xBancos. Sistema bancario
245 1 0 _aChallenges in central banking
_pthe current institutional environment and forces affecting monetary policy
020 _a978-0-521-19929-2
264 1 _aNew York :
_bCambridge University Press
_c2010
300 _axviii, 398 p.
_c23 cm.
505 _a1. The state of play in central banking and the challenges to come / Pierre L. Siklos, Martin T. Bohl and Mark E. Wohar - 2. Is the time ripe for price level path stability? / Vitor Gaspar, Frank Smets and David Vestin - 3. The principal-agent approach to monetary policy delegation / Georgios E. Chortareas and Stephen M. Miller - 4. Implementing monetary policy in the 2000s : operating procedures in Asia and beyond / Corrinne Ho - 5. Analysis of financial stability / Charles A.E. Goodhart and Dimitri P. Tsomocos - 6. National central banks in a multi-national system / David G. Mayes and Geoffrey E. Wood - 7. The complex relationship between central bank independence and inflation / Bernd Hayo and Carsten Hefeker - 8. Independence and accountability in supervision : comparing central banks and financial authorities / Donato Masciandaro, Marc Quintyn and Michael W. Taylor - 9. The economic impact of central bank transparency : a survey / Carin van der Cruijsen and Sylvester C.W. Eijffinger - 10. How central banks take decisions : an analysis of monetary policy meetings / Philip Maier - 11. Institutional rules and the conduct of monetary policy : does a central bank need governing principles? / Pierre L. Siklos.
041 _aspa
942 _cBK
590 _aniveau_biblio:m niveau_hierar:0
100 1 _aSiklos, Pierre L.
700 1 _aBohl, Martin T.
700 1 _aWohar, Mark E.
856 4 1 _uhttps://biblioeco.unsa.edu.ar/pmb/images/libros/L126242_1.jpg
_yImagen de portada
_qimage/jpeg
999 _c3298
_d3298